Manual de finanzas corporativas / (Registro nro. 7391)

Detalles MARC
000 -LEADER
fixed length control field 01441nam a2200289 4500
001 - CONTROL NUMBER
control field 0000017259
005 - DATE AND TIME OF LATEST TRANSACTION
control field 20250329172019.0
007 - PHYSICAL DESCRIPTION FIXED FIELD--GENERAL INFORMATION
fixed length control field ta
008 - FIXED-LENGTH DATA ELEMENTS--GENERAL INFORMATION
fixed length control field 160627s1995 000 0 eng d
020 ## - INTERNATIONAL STANDARD BOOK NUMBER
International Standard Book Number 9586003426
040 ## - CATALOGING SOURCE
Original cataloging agency CO-CtgCURN
Language of cataloging spa
Transcribing agency coctgcurn
082 0# - DEWEY DECIMAL CLASSIFICATION NUMBER
Classification number R658.15
Item number B82m
100 1# - MAIN ENTRY--PERSONAL NAME
Personal name Brealey, Richard A.
245 10 - TITLE STATEMENT
Title Manual de finanzas corporativas /
Statement of responsibility, etc. Richard A. Brealey , Stewart C. Myers.
250 ## - EDITION STATEMENT
Edition statement 4a. ed.
260 #1 - PUBLICATION, DISTRIBUTION, ETC.
Place of publication, distribution, etc. Bogotá : :
Name of publisher, distributor, etc. McGraw-Hill,,
Date of publication, distribution, etc. 1995.
300 ## - PHYSICAL DESCRIPTION
Extent V. 3.
500 ## - GENERAL NOTE
General note Incluye indice.
505 8# - FORMATTED CONTENTS NOTE
Formatted contents note v.1 Por que son importantes las finanzas.--Valor actual y coste de oportunidad del capital.--Como calcular valores actuales.--v.2 Valor actual de acciones y obligaciones.--Por que el valor actual neto conduce a mejores decisiones de inversion que otros criterios.--v.3 Adopcion de decisiones de inversion con el criterio del valor actual neto.--Introducción al riesgo, rentabilidad y coste de oportunidad.--Riesgo y rentabilidad.--Presupuesto de capital y riesgo.--Problemas practicos en la elaboracion de presupuestos de capital
650 14 - SUBJECT ADDED ENTRY--TOPICAL TERM
Topical term or geographic name entry element Administración de empresas
Form subdivision Finanzas.
700 1# - ADDED ENTRY--PERSONAL NAME
Personal name Myers, Stewart C.
908 ## - PUT COMMAND PARAMETER (RLIN)
Put command parameter 160627
942 ## - ADDED ENTRY ELEMENTS (KOHA)
Koha item type Diccionarios
Classification part R658.15
Item part B82m
Existencias
Withdrawn status Lost status Source of classification or shelving scheme Damaged status Not for loan Collection Home library Current library Shelving location Date acquired Inventory number Total checkouts Full call number Barcode Date last seen Copy number Price effective from Koha item type Public note
    Dewey Decimal Classification     Referencia Miguel Henríquez Castañeda Miguel Henríquez Castañeda   06/22/2017 001037   R658.15 B82m 001037 03/29/2025 v.2 03/29/2025 Diccionarios 650-ADMINS
    Dewey Decimal Classification     Referencia Miguel Henríquez Castañeda Miguel Henríquez Castañeda   06/22/2017 001038   R658.15 B82m 001038 03/29/2025 v.1 03/29/2025 Diccionarios 650-ADMINS
    Dewey Decimal Classification     Referencia Miguel Henríquez Castañeda Miguel Henríquez Castañeda   06/22/2017 014973   R658.15 B82m 014973 03/29/2025 v.3 03/29/2025 Diccionarios 650-ADMINS